[Event "World Youth & Cadets Rapid Championships"]
[Site "Rhodes, Greece"]
[Date "2022.05.01"]
[Round "3.13"]
[White "Patel, Zain"]
[Black "Kuru, Atilla"]
[Result "0-1"]
[TimeControl "10'/game & 5\"/move"]
[WhiteElo "1563"]
[BlackElo "2023"]

1. d4 {[%clk 00:10:08]} {[%emt 00:00:02]} Nf6 {[%clk 00:10:09]} {[%emt
00:00:01]} 2. Nf3 {[%clk 00:10:11]} {[%emt 00:00:02]} d5 {[%clk 00:10:12]}
{[%emt 00:00:01]} 3. c4 {[%clk 00:10:15]} {[%emt 00:00:02]} c6 {[%clk
00:10:16]} {[%emt 00:00:01]} 4. cxd5 {[%clk 00:10:17]} {[%emt 00:00:03]} cxd5
{[%clk 00:10:20]} {[%emt 00:00:01]} 5. Nc3 {[%clk 00:10:19]} {[%emt 00:00:03]}
Nc6 {[%clk 00:10:23]} {[%emt 00:00:02]} 6. Bf4 {[%clk 00:10:22]} {[%emt
00:00:02]} a6 {[%clk 00:10:23]} {[%emt 00:00:05]} 7. e3 {[%clk 00:10:24]}
{[%emt 00:00:03]} Bf5 {[%clk 00:10:11]} {[%emt 00:00:16]} 8. Bd3 {[%clk
00:10:21]} {[%emt 00:00:09]} Bxd3 {[%clk 00:10:13]} {[%emt 00:00:03]} 9. Qxd3
{[%clk 00:10:23]} {[%emt 00:00:02]} e6 {[%clk 00:10:15]} {[%emt 00:00:03]} 10.
O-O {[%clk 00:10:10]} {[%emt 00:00:19]} Bd6 {[%clk 00:09:58]} {[%emt 00:00:22]}
11. Bg3 {[%clk 00:09:47]} {[%emt 00:00:28]} Bxg3 {[%clk 00:09:56]} {[%emt
00:00:07]} 12. hxg3 {[%clk 00:09:50]} {[%emt 00:00:02]} O-O {[%clk 00:09:54]}
{[%emt 00:00:07]} 13. Rac1 {[%clk 00:09:42]} {[%emt 00:00:13]} Rc8 {[%clk
00:09:54]} {[%emt 00:00:05]} 14. a3 {[%clk 00:09:31]} {[%emt 00:00:16]} Na5
{[%clk 00:09:36]} {[%emt 00:00:23]} 15. Ne5 {[%clk 00:09:00]} {[%emt 00:00:36]}
b5 {[%clk 00:09:28]} {[%emt 00:00:13]} 16. b4 {[%clk 00:08:18]} {[%emt
00:00:47]} Nc4 {[%clk 00:09:28]} {[%emt 00:00:05]} 17. Nxc4 {[%clk 00:08:17]}
{[%emt 00:00:06]} Rxc4 {[%clk 00:09:30]} {[%emt 00:00:03]} 18. Rfd1 {[%clk
00:08:04]} {[%emt 00:00:18]} Qc7 {[%clk 00:09:29]} {[%emt 00:00:06]} 19. Ne2
{[%clk 00:07:34]} {[%emt 00:00:34]} Rc8 {[%clk 00:09:31]} {[%emt 00:00:04]} 20.
Rxc4 {[%emt 00:00:18]} bxc4 {[%clk 00:09:24]} {[%emt 00:00:04]} 21. Qc2 {[%clk
00:07:23]} {[%emt 00:00:11]} Ne4 {[%clk 00:08:53]} {[%emt 00:00:36]} 22. Nc3
{[%clk 00:06:31]} {[%emt 00:00:57]} f5 {[%clk 00:08:45]} {[%emt 00:00:13]} 23.
Na4 {[%clk 00:06:23]} {[%emt 00:00:14]} a5 {[%clk 00:08:29]} {[%emt 00:00:21]}
24. Nc5 {[%clk 00:06:15]} {[%emt 00:00:12]} axb4 {[%clk 00:08:24]} {[%emt
00:00:10]} 25. axb4 {[%clk 00:06:15]} {[%emt 00:00:04]} Qb6 {[%clk 00:08:01]}
{[%emt 00:00:28]} 26. Rb1 {[%clk 00:05:18]} {[%emt 00:01:02]} Ra8 {[%clk
00:07:56]} {[%emt 00:00:10]} 27. g4 {[%clk 00:04:18]} {[%emt 00:01:05]} Ra3
{[%clk 00:07:31]} {[%emt 00:00:31]} 28. gxf5 {[%clk 00:04:03]} {[%emt
00:00:19]} exf5 {[%clk 00:07:35]} {[%emt 00:00:02]} 29. Qb2 {[%clk 00:03:28]}
{[%emt 00:00:41]} Qa7 {[%clk 00:07:34]} {[%emt 00:00:05]} 30. Nxe4 {[%clk
00:02:21]} {[%emt 00:01:12]} fxe4 {[%clk 00:07:36]} {[%emt 00:00:02]} 31. b5
{[%clk 00:02:20]} {[%emt 00:00:07]} Rb3 {[%clk 00:07:39]} {[%emt 00:00:02]} 32.
Qc2 {[%clk 00:01:59]} {[%emt 00:00:26]} Ra3 {[%clk 00:03:10]} {[%emt 00:04:34]}
33. b6 {[%clk 00:01:34]} {[%emt 00:00:31]} Qb7 {[%clk 00:03:11]} {[%emt
00:00:03]} 34. Qb2 {[%clk 00:01:38]} {[%emt 00:00:02]} Rb3 {[%clk 00:03:15]} 35.
Qa2 {[%clk 00:01:34]} {[%emt 00:00:08]} Qxb6 {[%clk 00:02:59]} {[%emt
00:00:22]} 36. Qa8+ {[%clk 00:01:35]} {[%emt 00:00:03]} Kf7 {[%clk 00:03:00]}
{[%emt 00:00:04]} 37. Qxd5+ {[%clk 00:01:38]} {[%emt 00:00:02]} Qe6 {[%clk
00:02:56]} {[%emt 00:00:08]} 38. Qh5+ {[%clk 00:01:26]} {[%emt 00:00:18]} Kg8
{[%clk 00:03:00]} {[%emt 00:00:01]} 39. Ra1 {[%clk 00:01:21]} {[%emt 00:00:11]}
Rb8 {[%clk 00:02:46]} {[%emt 00:00:18]} 40. Qc5 {[%clk 00:01:23]} {[%emt
00:00:03]} Rc8 {[%clk 00:02:47]} {[%emt 00:00:04]} 41. Qb4 {[%clk 00:01:17]}
{[%emt 00:00:11]} c3 {[%clk 00:02:45]} {[%emt 00:00:06]} 42. Rc1 {[%clk
00:01:21]} {[%emt 00:00:02]} Qa2 {[%clk 00:02:17]} {[%emt 00:00:34]} 43. Qb7
{[%clk 00:01:12]} {[%emt 00:00:13]} Rf8 {[%clk 00:01:55]} {[%emt 00:00:27]} 44.
Qxe4 {[%clk 00:00:54]} {[%emt 00:00:22]} Qxf2+ {[%clk 00:01:54]} {[%emt
00:00:07]} 45. Kh1 {[%clk 00:00:58]} Qd2 {[%clk 00:01:37]} {[%emt 00:00:13]} 46.
Qb1 {[%clk 00:00:40]} {[%emt 00:00:32]} Kh8 {[%clk 00:01:28]} {[%emt 00:00:14]}
47. Qc2 {[%clk 00:00:37]} {[%emt 00:00:09]} Qxe3 {[%clk 00:00:41]} {[%emt
00:00:52]} 48. Qxc3 {[%clk 00:00:41]} {[%emt 00:00:01]} Qh6+ {[%clk 00:00:44]}
{[%emt 00:00:01]} 49. Kg1 {[%clk 00:00:40]} {[%emt 00:00:06]} Qf6 {[%clk
00:00:46]} {[%emt 00:00:03]} 50. Qe3 {[%clk 00:00:39]} {[%emt 00:00:06]} h6
{[%clk 00:00:37]} {[%emt 00:00:13]} 51. Rd1 {[%clk 00:00:41]} {[%emt 00:00:04]}
Qb6 {[%clk 00:00:29]} {[%emt 00:00:13]} 52. Qe7 {[%clk 00:00:41]} {[%emt
00:00:05]} Rc8 {[%clk 00:00:28]} {[%emt 00:00:05]} 53. Kh1 {[%clk 00:00:40]}
{[%emt 00:00:07]} Qb3 {[%clk 00:00:27]} {[%emt 00:00:06]} 54. Rf1 {[%clk
00:00:41]} {[%emt 00:00:04]} Qg8 {[%clk 00:00:17]} {[%emt 00:00:15]} 55. Qe5
{[%clk 00:00:35]} {[%emt 00:00:11]} Rd8 {[%clk 00:00:20]} {[%emt 00:00:02]} 56.
Rd1 {[%clk 00:00:36]} {[%emt 00:00:04]} Rd5 {[%clk 00:00:24]} {[%emt 00:00:02]}
57. Qe4 {[%clk 00:00:37]} {[%emt 00:00:02]} Qd8 {[%clk 00:00:27]} {[%emt
00:00:03]} 58. Kg1 {[%clk 00:00:38]} {[%emt 00:00:03]} Qd7 {[%clk 00:00:28]}
{[%emt 00:00:05]} 59. Rf1 {[%clk 00:00:40]} {[%emt 00:00:03]} Kg8 {[%clk
00:00:21]} {[%emt 00:00:12]} 60. Rf4 {[%clk 00:00:33]} {[%emt 00:00:12]} Rd6
{[%clk 00:00:21]} {[%emt 00:00:06]} 61. Qe3 {[%clk 00:00:31]} {[%emt 00:00:07]}
Re6 {[%clk 00:00:16]} {[%emt 00:00:10]} 62. Re4 {[%clk 00:00:35]} Rg6 {[%clk
00:00:19]} {[%emt 00:00:01]} 63. Re8+ {[%clk 00:00:37]} {[%emt 00:00:03]} Kh7
{[%clk 00:00:23]} 64. Re7 {[%clk 00:00:40]} {[%emt 00:00:03]} Qg4 {[%clk
00:00:26]} {[%emt 00:00:01]} 65. Qf2 {[%clk 00:00:39]} {[%emt 00:00:06]} Qd1+
{[%clk 00:00:29]} {[%emt 00:00:01]} 66. Re1 {[%clk 00:00:43]} {[%emt 00:00:02]}
Qg4 {[%clk 00:00:31]} {[%emt 00:00:02]} 67. d5 {[%clk 00:00:43]} {[%emt
00:00:06]} Qg5 {[%clk 00:00:32]} {[%emt 00:00:04]} 68. Rd1 {[%clk 00:00:43]}
{[%emt 00:00:04]} Qh5 {[%clk 00:00:34]} {[%emt 00:00:04]} 69. Qc2 {[%clk
00:00:43]} {[%emt 00:00:05]} Qe5 {[%clk 00:00:25]} {[%emt 00:00:13]} 70. Qd3
{[%clk 00:00:43]} {[%emt 00:00:07]} Qd6 {[%clk 00:00:19]} {[%emt 00:00:11]} 71.
Qe4 {[%clk 00:00:43]} {[%emt 00:00:04]} h5 {[%clk 00:00:19]} {[%emt 00:00:04]}
72. Qf3 {[%clk 00:00:45]} {[%emt 00:00:04]} Kh6 {[%clk 00:00:18]} {[%emt
00:00:06]} 73. Qe3+ {[%clk 00:00:49]} {[%emt 00:00:02]} Kh7 {[%clk 00:00:21]}
{[%emt 00:00:01]} 74. Qf3 {[%clk 00:00:53]} Rg5 {[%clk 00:00:22]} {[%emt
00:00:03]} 75. Qe4+ {[%clk 00:00:56]} {[%emt 00:00:02]} Kh8 {[%clk 00:00:22]}
{[%emt 00:00:05]} 76. Qe8+ {[%clk 00:01:00]} {[%emt 00:00:02]} Kh7 {[%clk
00:00:26]} 77. Qe4+ {[%clk 00:01:03]} {[%emt 00:00:02]} g6 {[%clk 00:00:26]}
{[%emt 00:00:05]} 78. Qe8 {[%clk 00:00:35]} {[%emt 00:00:33]} Rf5 {[%clk
00:00:18]} {[%emt 00:00:13]} 79. Re1 {[%clk 00:00:38]} {[%emt 00:00:02]} Rxd5
{[%clk 00:00:12]} {[%emt 00:00:11]} 80. Re7+ {[%clk 00:00:40]} {[%emt
00:00:04]} Kh6 {[%clk 00:00:16]} {[%emt 00:00:01]} 81. Qf8+ {[%clk 00:00:39]}
{[%emt 00:00:05]} Kg5 {[%clk 00:00:19]} {[%emt 00:00:02]} 82. Rf7 {[%clk
00:00:24]} {[%emt 00:00:21]} Rd1+ {[%clk 00:00:23]} 83. Rf1 {[%clk 00:00:28]}
{[%emt 00:00:01]} Qxf8 {[%clk 00:00:26]} {[%emt 00:00:01]} 84. Rxd1 {[%clk
00:00:32]} Qc5+ {[%clk 00:00:30]} 85. Kf1 {[%clk 00:00:36]} {[%emt 00:00:01]}
Qc4+ {[%clk 00:00:34]} 86. Kf2 {[%clk 00:00:40]} {[%emt 00:00:01]} Kf4 {[%clk
00:00:37]} {[%emt 00:00:02]} 87. g3+ {[%clk 00:00:43]} {[%emt 00:00:03]} Kg4
{[%clk 00:00:39]} {[%emt 00:00:02]} 88. Rh1 {[%clk 00:00:47]} {[%emt 00:00:01]}
Qc2+ {[%clk 00:00:41]} {[%emt 00:00:03]} 89. Ke3 {[%clk 00:00:45]} {[%emt
00:00:07]} g5 {[%clk 00:00:44]} {[%emt 00:00:02]} 90. Rf1 {[%clk 00:00:30]}
{[%emt 00:00:19]} Qc5+ {[%clk 00:00:47]} {[%emt 00:00:02]} 91. Ke2 {[%clk
00:00:32]} {[%emt 00:00:03]} Qc4+ {[%clk 00:00:51]} {[%emt 00:00:02]} 92. Kf2
{[%clk 00:00:37]} {[%emt 00:00:01]} Qxf1+ {[%clk 00:00:54]} {[%emt 00:00:02]}
0-1

[Event "World Youth & Cadets Rapid Championships"]
[Site "Rhodes, Greece"]
[Date "2022.05.01"]
[Round "3.14"]
[White "Begmuratov, Khumoyun"]
[Black "Lechowski, Witold"]
[Result "1-0"]
[TimeControl "10'/game & 5\"/move"]
[WhiteElo "1977"]
[BlackElo "1542"]

1. e4 {[%clk 00:10:09]} {[%emt 00:00:01]} e5 {[%clk 00:10:07]} {[%emt
00:00:03]} 2. Nf3 {[%clk 00:10:13]} {[%emt 00:00:02]} Nc6 {[%clk 00:10:10]}
{[%emt 00:00:01]} 3. Bb5 {[%clk 00:10:17]} a6 {[%clk 00:10:03]} {[%emt
00:00:12]} 4. Ba4 {[%clk 00:10:21]} g6 {[%clk 00:10:07]} {[%emt 00:00:01]} 5.
O-O {[%clk 00:10:19]} {[%emt 00:00:07]} Bg7 {[%clk 00:10:07]} {[%emt 00:00:05]}
6. c3 {[%clk 00:10:16]} {[%emt 00:00:08]} Nge7 {[%clk 00:10:01]} {[%emt
00:00:10]} 7. d4 {[%clk 00:10:18]} {[%emt 00:00:03]} exd4 {[%clk 00:09:52]}
{[%emt 00:00:14]} 8. cxd4 {[%clk 00:10:21]} {[%emt 00:00:02]} O-O {[%clk
00:09:48]} {[%emt 00:00:10]} 9. Nc3 {[%emt 00:00:58]} d6 {[%clk 00:09:34]}
{[%emt 00:00:18]} 10. h3 {[%clk 00:09:19]} {[%emt 00:00:15]} b5 {[%clk
00:09:19]} {[%emt 00:00:21]} 11. Bc2 {[%clk 00:09:16]} {[%emt 00:00:07]} Bb7
{[%clk 00:09:01]} {[%emt 00:00:23]} 12. Bf4 {[%clk 00:08:50]} {[%emt 00:00:31]}
Qd7 {[%clk 00:08:26]} {[%emt 00:00:40]} 13. Qd2 {[%clk 00:08:14]} {[%emt
00:00:40]} Rad8 {[%clk 00:07:50]} {[%emt 00:00:42]} 14. Bh6 {[%clk 00:07:47]}
{[%emt 00:00:32]} d5 {[%clk 00:07:44]} {[%emt 00:00:11]} 15. exd5 {[%clk
00:06:02]} {[%emt 00:01:51]} Nxd5 {[%clk 00:07:36]} {[%emt 00:00:12]} 16. Ne4
{[%clk 00:05:53]} {[%emt 00:00:13]} Ndb4 {[%clk 00:06:44]} {[%emt 00:00:58]} 17.
Nc5 {[%clk 00:03:22]} {[%emt 00:02:36]} Qc8 {[%clk 00:06:21]} {[%emt 00:00:28]}
18. Bxg7 {[%clk 00:03:12]} {[%emt 00:00:14]} Kxg7 {[%clk 00:06:17]} {[%emt
00:00:09]} 19. Be4 {[%clk 00:03:01]} {[%emt 00:00:16]} f5 {[%clk 00:05:28]}
{[%emt 00:00:55]} 20. Bxc6 {[%clk 00:02:49]} {[%emt 00:00:16]} Nxc6 {[%clk
00:05:23]} 21. d5 {[%clk 00:02:49]} {[%emt 00:00:17]} Ne7 {[%emt 00:01:10]} 22.
Qc3+ {[%clk 00:02:35]} {[%emt 00:00:19]} Kg8 {[%clk 00:03:34]} {[%emt
00:00:48]} 23. Ne6 {[%clk 00:02:38]} {[%emt 00:00:02]} Rf7 {[%clk 00:03:30]}
{[%emt 00:00:09]} 24. Nxd8 {[%clk 00:02:13]} {[%emt 00:00:30]} Nxd5 {[%emt
00:00:30]} 25. Qd2 {[%clk 00:01:55]} {[%emt 00:00:21]} Qxd8 {[%clk 00:03:04]}
{[%emt 00:00:08]} 26. Rfe1 {[%clk 00:01:54]} {[%emt 00:00:07]} Rd7 {[%clk
00:02:38]} {[%emt 00:00:31]} 27. Qh6 {[%clk 00:01:16]} {[%emt 00:00:42]} Nb4
{[%clk 00:01:58]} {[%emt 00:00:45]} 28. Ne5 {[%clk 00:00:43]} {[%emt 00:00:38]}
Re7 {[%clk 00:01:38]} {[%emt 00:00:26]} 29. Rad1 {[%clk 00:00:15]} {[%emt
00:00:32]} Qe8 {[%clk 00:01:35]} {[%emt 00:00:08]} 30. Nd3 {[%clk 00:00:08]}
{[%emt 00:00:11]} Nxd3 {[%clk 00:01:16]} 31. Rxe7 Qxe7 32. Rxd3 {[%clk
00:00:17]} Be4 {[%clk 00:01:00]} {[%emt 00:00:21]} 33. Rd2 {[%clk 00:00:21]}
{[%emt 00:00:01]} c5 {[%clk 00:00:54]} {[%emt 00:00:12]} 34. Qf4 {[%clk
00:00:21]} {[%emt 00:00:03]} c4 {[%clk 00:00:25]} {[%emt 00:00:35]} 35. Qb8+
{[%clk 00:00:18]} {[%emt 00:00:08]} Kg7 {[%clk 00:00:29]} {[%emt 00:00:01]} 36.
Qb6 {[%clk 00:00:13]} {[%emt 00:00:09]} Bb7 {[%clk 00:00:21]} {[%emt 00:00:14]}
37. Qd4+ {[%clk 00:00:14]} {[%emt 00:00:04]} Kf7 {[%clk 00:00:07]} {[%emt
00:00:20]} 38. Kh2 {[%clk 00:00:15]} {[%emt 00:00:03]} Qc7+ {[%clk 00:00:11]}
{[%emt 00:00:01]} 39. f4 {[%clk 00:00:17]} {[%emt 00:00:03]} Qe7 {[%clk
00:00:15]} 40. Qh8 {[%clk 00:00:12]} {[%emt 00:00:11]} h5 {[%clk 00:00:12]}
{[%emt 00:00:08]} 41. Qh7+ {[%clk 00:00:11]} {[%emt 00:00:05]} Kf6 {[%clk
00:00:14]} {[%emt 00:00:03]} 42. Qh8+ {[%clk 00:00:15]} Kf7 {[%clk 00:00:17]}
{[%emt 00:00:02]} 43. Rd8 {[%clk 00:00:16]} {[%emt 00:00:04]} Qc7 {[%clk
00:00:07]} {[%emt 00:00:16]} 44. Rf8+ {[%clk 00:00:09]} {[%emt 00:00:11]} Ke7
{[%clk 00:00:09]} {[%emt 00:00:03]} 45. Qg7+ {[%clk 00:00:08]} {[%emt
00:00:06]} Kd6 {[%clk 00:00:11]} {[%emt 00:00:04]} 46. Qe5+ {[%clk 00:00:15]}
{[%emt 00:00:09]} Kd7 {[%emt 00:00:07]} 47. Rf7+ {[%clk 00:00:19]} 1-0

[Event "World Youth & Cadets Rapid Championships"]
[Site "Rhodes, Greece"]
[Date "2022.05.01"]
[Round "3.15"]
[White "Bogdanov, Artyom"]
[Black "Karvatskyi, Oleksii"]
[Result "1/2-1/2"]
[TimeControl "10'/game & 5\"/move"]
[WhiteElo "1450"]
[BlackElo "1919"]

1. e4 {[%clk 00:10:09]} c5 {[%clk 00:10:09]} {[%emt 00:00:01]} 2. Nf3 {[%clk
00:10:13]} {[%emt 00:00:01]} Nc6 {[%clk 00:10:13]} {[%emt 00:00:01]} 3. Bb5
{[%clk 00:10:17]} {[%emt 00:00:01]} g6 {[%clk 00:10:18]} 4. O-O {[%clk
00:10:20]} {[%emt 00:00:02]} Nf6 {[%clk 00:10:08]} {[%emt 00:00:14]} 5. e5
{[%clk 00:10:23]} {[%emt 00:00:02]} Nd5 {[%clk 00:10:12]} {[%emt 00:00:02]} 6.
Nc3 {[%clk 00:10:27]} Nxc3 {[%clk 00:10:08]} {[%emt 00:00:08]} 7. dxc3 {[%clk
00:10:29]} {[%emt 00:00:04]} Qc7 {[%clk 00:10:02]} {[%emt 00:00:11]} 8. Bf4
{[%clk 00:09:44]} {[%emt 00:00:50]} Bg7 {[%clk 00:09:57]} {[%emt 00:00:10]} 9.
Re1 {[%clk 00:09:42]} {[%emt 00:00:06]} a6 {[%clk 00:09:47]} {[%emt 00:00:16]}
10. Bxc6 {[%clk 00:09:45]} {[%emt 00:00:02]} dxc6 {[%clk 00:09:45]} {[%emt
00:00:06]} 11. Qe2 {[%clk 00:09:22]} {[%emt 00:00:28]} Bg4 {[%clk 00:09:25]}
{[%emt 00:00:25]} 12. h3 {[%clk 00:09:07]} {[%emt 00:00:20]} Bxf3 {[%clk
00:09:27]} {[%emt 00:00:04]} 13. Qxf3 {[%clk 00:09:10]} {[%emt 00:00:01]} e6
{[%clk 00:09:31]} {[%emt 00:00:02]} 14. Qe3 {[%clk 00:08:55]} {[%emt 00:00:19]}
b6 {[%clk 00:09:30]} {[%emt 00:00:07]} 15. Rad1 {[%clk 00:08:29]} {[%emt
00:00:31]} Rd8 {[%clk 00:09:25]} {[%emt 00:00:10]} 16. Rxd8+ {[%clk 00:07:01]}
{[%emt 00:01:32]} Qxd8 {[%clk 00:09:20]} {[%emt 00:00:11]} 17. Qe4 {[%clk
00:06:56]} {[%emt 00:00:10]} Qd5 {[%clk 00:09:05]} {[%emt 00:00:19]} 18. Qa4
{[%clk 00:05:51]} {[%emt 00:01:10]} a5 {[%clk 00:09:09]} {[%emt 00:00:02]} 19.
c4 {[%clk 00:05:43]} {[%emt 00:00:12]} Qd7 {[%clk 00:09:11]} {[%emt 00:00:04]}
20. c3 {[%clk 00:05:38]} {[%emt 00:00:10]} Qc7 {[%clk 00:08:25]} {[%emt
00:00:51]} 21. Rd1 {[%clk 00:04:46]} {[%emt 00:00:57]} O-O {[%clk 00:07:24]}
{[%emt 00:01:06]} 22. Rd6 {[%clk 00:04:28]} {[%emt 00:00:22]} Rc8 {[%clk
00:07:13]} {[%emt 00:00:16]} 23. Bg3 {[%clk 00:03:00]} {[%emt 00:01:34]} Bf8
{[%clk 00:06:59]} {[%emt 00:00:18]} 24. Rd3 {[%clk 00:02:52]} {[%emt 00:00:13]}
Rd8 {[%clk 00:06:40]} {[%emt 00:00:25]} 25. Rxd8 {[%clk 00:02:21]} {[%emt
00:00:36]} Qxd8 {[%clk 00:06:44]} {[%emt 00:00:02]} 26. Qxc6 {[%clk 00:02:24]}
{[%emt 00:00:02]} h5 {[%clk 00:06:46]} {[%emt 00:00:02]} 27. Bf4 {[%clk
00:01:18]} {[%emt 00:01:11]} Qd1+ {[%clk 00:05:06]} {[%emt 00:01:45]} 28. Kh2
{[%clk 00:01:21]} Qe2 {[%clk 00:04:55]} {[%emt 00:00:06]} 29. Qc8 {[%clk
00:00:37]} {[%emt 00:01:00]} Qe4 {[%clk 00:04:55]} {[%emt 00:00:05]} 30. Bh6
{[%clk 00:00:22]} {[%emt 00:00:20]} Qxe5+ {[%clk 00:04:59]} 31. g3 {[%clk
00:00:19]} {[%emt 00:00:08]} Qd6 {[%clk 00:05:02]} 32. Bf4 {[%clk 00:00:18]}
{[%emt 00:00:07]} e5 {[%clk 00:05:03]} {[%emt 00:00:04]} 33. Bh6 {[%clk
00:00:18]} {[%emt 00:00:04]} 1/2-1/2

[Event "World Youth & Cadets Rapid Championships"]
[Site "Rhodes, Greece"]
[Date "2022.05.01"]
[Round "3.16"]
[White "Mamedov, Edgar"]
[Black "Pidluznij, Matvej"]
[Result "1-0"]
[TimeControl "10'/game & 5\"/move"]
[WhiteElo "1854"]
[BlackElo "1164"]

1. d4 {[%clk 00:10:08]} {[%emt 00:00:02]} d5 {[%clk 00:10:09]} {[%emt
00:00:01]} 2. c4 {[%clk 00:10:11]} {[%emt 00:00:01]} c6 {[%clk 00:10:14]}
{[%emt 00:00:01]} 3. Nf3 {[%clk 00:10:15]} {[%emt 00:00:01]} Nf6 {[%emt
00:00:02]} 4. Qb3 {[%clk 00:10:17]} {[%emt 00:00:02]} Qb6 {[%clk 00:10:15]}
{[%emt 00:00:08]} 5. Qc2 {[%clk 00:09:28]} {[%emt 00:00:54]} g6 {[%clk
00:09:44]} {[%emt 00:00:36]} 6. Nc3 {[%clk 00:08:17]} {[%emt 00:01:16]} Bf5
{[%clk 00:09:44]} {[%emt 00:00:05]} 7. Qa4 {[%clk 00:08:01]} {[%emt 00:00:21]}
e6 {[%clk 00:09:29]} {[%emt 00:00:18]} 8. g3 {[%clk 00:07:50]} {[%emt
00:00:18]} Nbd7 {[%clk 00:09:23]} {[%emt 00:00:11]} 9. Bg2 {[%clk 00:07:45]}
{[%emt 00:00:10]} Bg7 {[%clk 00:09:12]} {[%emt 00:00:16]} 10. c5 {[%clk
00:07:40]} {[%emt 00:00:10]} Qd8 {[%clk 00:08:52]} {[%emt 00:00:17]} 11. Bf4
{[%clk 00:07:21]} {[%emt 00:00:32]} O-O {[%clk 00:08:17]} {[%emt 00:00:40]} 12.
O-O {[%clk 00:07:22]} {[%emt 00:00:04]} Re8 {[%clk 00:08:02]} {[%emt 00:00:20]}
13. Rfd1 {[%clk 00:05:38]} {[%emt 00:01:49]} Nh5 {[%clk 00:06:45]} {[%emt
00:01:19]} 14. Bd6 {[%clk 00:05:33]} {[%emt 00:00:13]} Bf8 {[%clk 00:06:32]}
{[%emt 00:00:17]} 15. Bxf8 {[%clk 00:05:19]} {[%emt 00:00:19]} Rxf8 {[%clk
00:06:12]} {[%emt 00:00:25]} 16. b4 {[%clk 00:05:12]} {[%emt 00:00:13]} a6
{[%clk 00:06:01]} {[%emt 00:00:15]} 17. Qb3 {[%clk 00:05:03]} {[%emt 00:00:15]}
Re8 {[%clk 00:05:39]} {[%emt 00:00:28]} 18. a4 {[%clk 00:05:01]} {[%emt
00:00:07]} e5 {[%clk 00:05:12]} {[%emt 00:00:30]} 19. Nxe5 {[%clk 00:04:59]}
{[%emt 00:00:08]} Nxe5 {[%clk 00:05:08]} {[%emt 00:00:09]} 20. dxe5 {[%clk
00:04:59]} {[%emt 00:00:05]} Rxe5 {[%clk 00:05:05]} {[%emt 00:00:07]} 21. e4
{[%clk 00:04:58]} {[%emt 00:00:06]} Be6 {[%clk 00:04:33]} {[%emt 00:00:37]} 22.
f4 {[%clk 00:04:44]} {[%emt 00:00:20]} d4 {[%clk 00:03:38]} {[%emt 00:01:00]}
23. Qc2 {[%clk 00:04:36]} {[%emt 00:00:13]} Nxf4 {[%clk 00:03:18]} {[%emt
00:00:24]} 24. gxf4 {[%clk 00:04:39]} {[%emt 00:00:03]} Rh5 {[%clk 00:03:17]}
{[%emt 00:00:05]} 25. Qf2 {[%clk 00:04:21]} {[%emt 00:00:24]} d3 {[%clk
00:02:59]} {[%emt 00:00:22]} 26. Qe3 {[%clk 00:03:34]} {[%emt 00:00:53]} Bc4
{[%clk 00:02:35]} {[%emt 00:00:29]} 27. e5 {[%clk 00:03:23]} {[%emt 00:00:17]}
Qh4 {[%clk 00:01:35]} {[%emt 00:01:03]} 28. Qg3 {[%clk 00:02:55]} {[%emt
00:00:34]} Qd8 {[%clk 00:01:30]} {[%emt 00:00:09]} 29. Ne4 {[%clk 00:02:31]}
{[%emt 00:00:30]} Qd4+ {[%clk 00:01:22]} {[%emt 00:00:11]} 30. Qf2 {[%clk
00:02:34]} {[%emt 00:00:04]} Qd7 {[%clk 00:01:07]} {[%emt 00:00:17]} 31. Nf6+
{[%clk 00:02:37]} {[%emt 00:00:05]} 1-0